00647 a2200181 4500001000700000003000400007005001700011008004100028082001600069100002100085245003700106260003300143300001000176690012700186942001200313999001500325952012500340132134OSt20211011171205.0  a823.8bD55O1 aDickens, Charles1 aOliver twistcby Charles Dickens aNew YorkbW.W. Northanc2010 a611p. aOrphans; England--London; Criminals; England; Kidnapping victims; Identity (Psychology); Manners and customs; Pickpockets 2ddccBK c6516d6516 00102ddc40708TXBaCURAJbCURAJd2012-06-08eENGg295.00l5o823.8 D55Op8915r2026-03-25s2026-03-10w2020-09-02yBK